000 00662nam a22002177a 4500
003 UA-OsUOA
001 52470
007 ta
008 20080215b un ||||| |||| 00| 0 ukr d
100 _aФедулова Л.
090 _a330(477)
_bФ-12
942 _cSA
040 _aUA-OsUOA
_bukr
_cUA-OsUOA
_dUA-OsUOA
245 _aТехнологічна конкурентоспроможність економіки: виклики та шляхи для України
300 _aС.34-38
955 _a0
041 _aukr
080 _a330(477)
773 0 _w52468
_tЕкономіст
_dК.
_d2007
_g12
650 7 _a330 Економіка взагалі
_2UDC
999 _c338562
_d338562